000 00786nam a2200277 i 4500
001 C2-0246765
003 PPAK
005 20210829161509.0
008 030325s1999 enka j | 0 eng d
020 _a0751358991
_qpaperback
040 _aPPAK
_beng
_cPPAK
_erda
082 0 4 _a428.6
_223
090 0 0 _a428.6
_bWAL
_dK
100 1 _aWalker-Hodge, Judith,
_eauthor.
245 1 0 _aAnimal hospital /
_cJudith Walker-Hodge
264 1 _aLondon :
_bDorling Kindersley,
_c1999
300 _a32 pages :
_bcolour illustrations ;
_c23 cm
336 _2rdacontent
_atext
337 _2rdamedia
_aunmediated
338 _2rdacarrier
_avolume
490 1 _aDorling Kindersley readers
500 _aLevel 2
650 1 0 _aReaders
830 0 _aDorling Kindersley readers
942 _cB
_2ddc
999 _c60667
_d60667